Statistics for Guess the fnaf songs

Click here to take the quiz!

General Stats

  • This quiz has been taken 172 times
  • The average score is 6 of 20

Answer Stats

lyricSong% Correct
All stay strong we live eternally, all is well in the ______________ -By KryFuZeAfton Family
87%
Forced down to reckoning, your dreams become the sickening, you thought you were alone, but they bite you to the bone they shout!-By DagamesBreak my mind
72%
Ill take your place behind the mask and ill be fist and you'll be last, yeah you'll be last, (Exotic Butters)-By GriffinillaBelow the Surface
45%
Just like _________ we Soar on out own, finally free from the pain of our homeBalloons
42%
There's a place in the dark horror story go and hide burred deep underground pain and torment Meccanized-TryHardNinjaCircus of the dead
41%
There is a legend, A legend born long ago, about a wicked, a wicked man no one knows-TryHardNinjaBringing us home
37%
Lend me you hand, we have more than one night planned, let me crawl into your skin, release the evil within-By CG5Crawling
37%
you purple uniform means bad you took away the life i had, now i where i bib that says lets eat-SkyfixingChica
36%
Tic tok make me creep, never ending _________________ never get no sleep-By SAFIACounting sheep
30%
Im a shell of a someone, a shadow of a man-By NightCove_thefoxAlive
28%
Down the rabbit hole, we saw you come in, throught the glass of our cages chained up were we live.-By TryHardNinjaDaddy's little monsters
26%
Its 12Am your wide awake your sanity is mine to break-By JT MusicAfter Hours
25%
The time slot where we have control, Exclusive look behind the scenes of how it feels-By TryHardNinjaAfter Show
16%
____________ Come follow me, ill cut the strings, Cause you are not a puppet-TryHardNinjaBreak the Cycle
13%
they keep _________________ my stomach Twists like a worm beneath the lure-By GriffinillaCreepin' Towards the door
9%
The circus from the underground will give you a show-By Chi-ChiAt Sister Location
8%
you cant be me and i cant be you, just take one look and you know its true, a dreadful night left my soul consumed, so everybody everybody in the room-By TryHardNinjaBe Very Afraid
6%
The problem is that your alone, No one to keep them away-By ShadrowAnimaltronics
5%
welcome to a brand new world were all your darkest fears come true, dreams are much more real then they used to be-NightCove_thefoxBreak the Code
3%
Watch as I, twist you fate your thoughts your mind you sight your reason why.-By NightCove_thefoxControl
2%

Score Distribution

Percentile by Number Answered

Percent of People with Each Score

Your Score History

You have not taken this quiz